[Event "Bremen-ch op"]
[Site "Bremen"]
[Date "2015.04.01"]
[Round "6"]
[White "Boehm, Karl1"]
[Black "Buchloh, Adrian"]
[Result "1-0"]
[WhiteElo "1859"]
[BlackElo "1611"]
[PlyCount "63"]
[EventDate "2015.03.28"]
[EventType "swiss"]
[EventRounds "9"]
[EventCountry "GER"]
[SourceTitle "EXT 2018"]
[Source "ChessBase"]
[SourceDate "2017.10.13"]
[SourceVersion "1"]
[SourceVersionDate "2017.10.13"]
[SourceQuality "1"]

1. d4 d5 2. Nf3 e6 3. c4 c6 4. e3 f5 5. Nc3 Nf6 6. Be2 Be7 7. 0-0 0-0 8. b3 Ne4 9. Bb2 g5 10. Ne5 Nd7 11. f3 Nxc3 12. Bxc3 Bd6 13. f4 g4 14. g3 Nf6 15. Bd3 Kg7 16. Kg2 h5 17. Rh1 Ne4 18. Bxe4 dxe4 19. d5 Kg8 20. dxc6 Bxe5 21. Bxe5 bxc6 22. Bd6 Rf7 23. c5 h4 24. h3 hxg3 25. hxg4 Rg7 26. g5 Bd7 27. Qh5 Qe8 28. Qh6 Rc8 29. Be5 Qe7 30. Qh8+ Kf7 31. Qxg7+ Ke8 32. Rh8+ 1-0

[Event "GER-chT U10"]
[Site "Magdeburg"]
[Date "2014.12.29"]
[Round "6.2"]
[White "Buchloh, Adrian"]
[Black "Haufe, Laurin"]
[Result "1-0"]
[WhiteElo "1442"]
[BlackElo "1413"]
[PlyCount "59"]
[EventDate "2014.12.27"]
[EventType "team-swiss"]
[EventRounds "7"]
[EventCountry "GER"]
[SourceTitle "EXT 2016"]
[Source "ChessBase"]
[SourceDate "2015.10.08"]
[SourceVersion "1"]
[SourceVersionDate "2015.10.08"]
[SourceQuality "1"]
[WhiteTeam "Hagen"]
[BlackTeam "Leipzig Gruen Weiss"]
[WhiteTeamCountry "GER"]
[BlackTeamCountry "GER"]

1. e4 c5 2. Nf3 d6 3. d4 cxd4 4. Nxd4 Nf6 5. Nc3 a6 6. Bg5 e5 7. Bxf6 Qxf6 8. Nd5 Qd8 9. Nf5 Bxf5 10. exf5 Be7 11. g3 0-0 12. Bg2 Nc6 13. c3 Re8 14. 0-0 Bg5 15. Qg4 Bf6 16. Rfe1 a5 17. Rad1 a4 18. h4 a3 19. b3 Ra6 20. Kh1 Kh8 21. Qh5 Kg8 22. Qg4 Kh8 23. Qh5 Kg8 24. Be4 Ra7 25. g4 Bxh4 26. f6 g6 27. Qxh4 Kh8 28. Qh6 Rg8 29. Kg2 Qd7 30. Qxh7+ 1-0

[Event "GER-ch U10"]
[Site "Magdeburg"]
[Date "2014.06.13"]
[Round "9"]
[White "Evering, Soeren"]
[Black "Buchloh, Adrian"]
[Result "1/2-1/2"]
[WhiteElo "1424"]
[BlackElo "1340"]
[PlyCount "76"]
[EventDate "2014.06.08"]
[EventType "swiss"]
[EventRounds "11"]
[EventCountry "GER"]
[SourceTitle "CBM 160 Extra"]
[Source "ChessBase"]
[SourceDate "2014.07.01"]
[SourceVersion "1"]
[SourceVersionDate "2014.07.01"]
[SourceQuality "1"]

1. Nc3 d5 2. Nf3 Nc6 3. e4 d4 4. Ne2 e5 5. Ng3 Be6 6. Bb5 f6 7. d3 Qd7 8. 0-0 Bd6 9. Bd2 Nge7 10. c3 dxc3 11. bxc3 Bc5 12. Be3 Bxe3 13. fxe3 a6 14. Bxc6 Qxc6 15. Qc2 Ng6 16. d4 Qd7 17. Rad1 Qe7 18. Rb1 b6 19. Rbd1 0-0 20. h3 Rfd8 21. d5 Bd7 22. Qb3 Kf8 23. Ng5 Qd6 24. Nf5 Bxf5 25. exf5 fxg5 26. fxg6+ Kg8 27. gxh7+ Kxh7 28. Qc2+ Kg8 29. e4 Rf8 30. Rxf8+ Rxf8 31. Qd2 Rf6 32. Kh1 Qe7 33. Kh2 Rd6 34. Qe2 b5 35. Rf1 Rf6 36. Rxf6 Qxf6 37. Qf3 Qd8 38. Qg4 Kh8 1/2-1/2

[Event "GER-ch U10"]
[Site "Magdeburg"]
[Date "2014.06.11"]
[Round "7"]
[White "Asadzade, Idris"]
[Black "Buchloh, Adrian"]
[Result "1-0"]
[WhiteElo "1448"]
[BlackElo "1340"]
[PlyCount "59"]
[EventDate "2014.06.08"]
[EventType "swiss"]
[EventRounds "11"]
[EventCountry "GER"]
[SourceTitle "CBM 160 Extra"]
[Source "ChessBase"]
[SourceDate "2014.07.01"]
[SourceVersion "1"]
[SourceVersionDate "2014.07.01"]
[SourceQuality "1"]

1. d4 c5 2. e3 e6 3. Nf3 d5 4. c4 Nf6 5. Nc3 Nc6 6. dxc5 Bxc5 7. cxd5 exd5 8. Bb5 0-0 9. 0-0 Be6 10. Qe2 Qc7 11. b3 Rad8 12. Rd1 Ne7 13. Bb2 a6 14. Bd3 Rd7 15. Rac1 Qb8 16. Na4 Bd6 17. Nc5 Bxc5 18. Rxc5 Ng6 19. Rdc1 Rdd8 20. Ng5 Bd7 21. Bxf6 gxf6 22. Nh3 Bxh3 23. gxh3 Rfe8 24. Kh1 Rc8 25. Qc2 Rcd8 26. Bxg6 fxg6 27. Rc7 Rf8 28. Rg1 Kh8 29. Rxh7+ Kg8 30. Qxg6# 1-0

[Event "GER-ch U10"]
[Site "Magdeburg"]
[Date "2014.06.11"]
[Round "6"]
[White "Rudolph, Eva"]
[Black "Buchloh, Adrian"]
[Result "0-1"]
[WhiteElo "1129"]
[BlackElo "1340"]
[PlyCount "130"]
[EventDate "2014.06.08"]
[EventType "swiss"]
[EventRounds "11"]
[EventCountry "GER"]
[SourceTitle "CBM 160 Extra"]
[Source "ChessBase"]
[SourceDate "2014.07.01"]
[SourceVersion "1"]
[SourceVersionDate "2014.07.01"]
[SourceQuality "1"]

1. e4 Nf6 2. e5 Nd5 3. d4 d6 4. exd6 cxd6 5. Nf3 e6 6. Bd3 Bd7 7. 0-0 Nc6 8. c4 Nb6 9. Bf4 Be7 10. Nc3 Nxd4 11. Nxd4 e5 12. Bxe5 dxe5 13. Nf3 f6 14. Re1 0-0 15. Qe2 Qc7 16. Qe4 g6 17. Nd5 Nxd5 18. cxd5 Bd6 19. Rac1 Qb6 20. b3 f5 21. Qh4 e4 22. Ng5 h5 23. Be2 Qd8 24. Bxh5 gxh5 25. Qxh5 Qe7 26. f3 Bf4 27. d6 Qxg5 28. Qxg5+ Bxg5 29. Rc7 Bc6 30. fxe4 fxe4 31. d7 Bd8 32. Rc8 Bb6+ 33. Kh1 Raxc8 34. dxc8Q Rxc8 35. h3 Rf8 36. Kh2 e3 37. Kg3 Bb5 38. a4 Bf1 39. h4 e2 40. Kg4 Bf2 41. Rc1 e1Q 42. Rxe1 Bxe1 43. Kg5 Bxh4+ 44. Kxh4 Bxg2 45. Kg3 Bd5 46. b4 Bb3 47. a5 a6 48. Kg2 Rf7 49. Kg1 Ba4 50. Kg2 Kf8 51. Kg3 Ke7 52. Kg2 Ke6 53. Kg3 Ke5 54. Kg4 Rf8 55. Kg3 Ke4 56. Kg2 Ke3 57. Kg1 Ke2 58. Kg2 Rg8+ 59. Kh3 Kf3 60. Kh4 Rg1 61. Kh5 Kf4 62. Kh6 Kf5 63. Kh7 Kf6 64. Kh8 Kf7 65. Kh7 Rh1# 0-1

[Event "GER-ch U10"]
[Site "Magdeburg"]
[Date "2014.06.09"]
[Round "4"]
[White "Gelfenbaum, Daniel"]
[Black "Buchloh, Adrian"]
[Result "1-0"]
[WhiteElo "1643"]
[BlackElo "1340"]
[PlyCount "79"]
[EventDate "2014.06.08"]
[EventType "swiss"]
[EventRounds "11"]
[EventCountry "GER"]
[SourceTitle "CBM 160 Extra"]
[Source "ChessBase"]
[SourceDate "2014.07.01"]
[SourceVersion "1"]
[SourceVersionDate "2014.07.01"]
[SourceQuality "1"]

1. e4 e6 2. d4 d5 3. Nc3 Bb4 4. e5 c5 5. Bd2 cxd4 6. Nb5 Be7 7. Nf3 Nc6 8. Nbxd4 Bc5 9. Bb5 Bd7 10. Bc3 Nge7 11. 0-0 0-0 12. Re1 Bxd4 13. Bxd4 Nxe5 14. Nxe5 Bxb5 15. Qg4 Nf5 16. Nf3 b6 17. Re5 Nxd4 18. Nxd4 Ba6 19. Rg5 Qf6 20. Re1 Rac8 21. Re3 Rc4 22. c3 Rfc8 23. h4 h6 24. Rf3 hxg5 25. Rxf6 gxf6 26. hxg5 fxg5 27. Qxg5+ Kf8 28. Qf6 Re8 29. b3 Rxd4 30. cxd4 Rc8 31. Qh8+ Ke7 32. Qh7 Ke8 33. g4 Rc7 34. g5 Rb7 35. Kg2 Kf8 36. Qh8+ Ke7 37. Qg7 Kd6 38. Qf8+ Kc6 39. Qe8+ Kd6 40. a4 1-0

[Event "Niedersachsen-ch U10"]
[Site "Norderney"]
[Date "2014.04.17"]
[Round "10"]
[White "Buchloh, Adrian"]
[Black "Schwabenland, Max"]
[Result "1-0"]
[WhiteElo "1406"]
[BlackElo "1076"]
[PlyCount "110"]
[EventDate "2014.04.??"]
[EventType "swiss"]
[EventRounds "11"]
[EventCountry "GER"]
[SourceTitle "EXT 2017"]
[Source "ChessBase"]
[SourceDate "2016.10.25"]
[SourceVersion "1"]
[SourceVersionDate "2016.10.25"]
[SourceQuality "1"]

1. e4 e6 2. d4 d5 3. exd5 exd5 4. Bd3 Nf6 5. Nc3 c6 6. Nge2 Bd6 7. Bg5 Bg4 8. f3 Bh5 9. Qd2 Nbd7 10. 0-0-0 0-0 11. h4 Qc7 12. g4 Bg6 13. h5 Bxd3 14. Qxd3 h6 15. Bd2 Bh2 16. Rdf1 c5 17. Rf2 c4 18. Qe3 Rfe8 19. Ne4 Bd6 20. Nxf6+ Nxf6 21. Qc3 a5 22. f4 Ne4 23. Qf3 Nxf2 24. Qxf2 Re4 25. Nc3 Re7 26. Nxd5 Qd7 27. Nxe7+ Bxe7 28. Rg1 Qd5 29. a3 b5 30. Re1 Bd6 31. Kd1 b4 32. axb4 axb4 33. Be3 c3 34. bxc3 bxc3 35. Ke2 Ra2 36. Kd1 Ra1+ 37. Ke2 Ra2 38. Kf1 Qb5+ 39. Kg2 Qa4 40. Re2 Qa8+ 41. Qf3 Qa4 42. Qf2 Rb2 43. Kh3 Rb5 44. Qg2 Qa5 45. Qf3 Be7 46. Bf2 Bd8 47. Re8+ Kh7 48. Qd3+ f5 49. Rxd8 Qxd8 50. Qxb5 fxg4+ 51. Kxg4 Qc8+ 52. Qf5+ Qxf5+ 53. Kxf5 Kg8 54. Ke5 Kf8 55. Kd5 Kg8 1-0

[Event "Niedersachsen-ch U10"]
[Site "Norderney"]
[Date "2014.04.14"]
[Round "5"]
[White "Schmidt, Ben"]
[Black "Buchloh, Adrian"]
[Result "1/2-1/2"]
[WhiteElo "791"]
[BlackElo "1406"]
[PlyCount "105"]
[EventDate "2014.04.??"]
[EventType "swiss"]
[EventRounds "11"]
[EventCountry "GER"]
[SourceTitle "EXT 2017"]
[Source "ChessBase"]
[SourceDate "2016.10.25"]
[SourceVersion "1"]
[SourceVersionDate "2016.10.25"]
[SourceQuality "1"]

1. d4 d5 2. Nc3 Bf5 3. Bf4 e6 4. e3 Bd6 5. Bg3 c6 6. Bd3 Bg6 7. Nf3 Bxd3 8. Qxd3 Bxg3 9. hxg3 h6 10. 0-0-0 Nf6 11. Ne5 Nbd7 12. Nxd7 Nxd7 13. e4 Qc7 14. Qf3 Nb6 15. b3 0-0-0 16. e5 Kb8 17. Rd3 Rhf8 18. Qf4 Nc8 19. Rf3 Ne7 20. Re1 Ng6 21. Qe3 Rc8 22. Na4 Qe7 23. Kb2 b6 24. Qc3 Rc7 25. b4 Rfc8 26. a3 Rb7 27. Rb1 c5 28. Ka2 cxd4 29. Qxd4 Rxc2+ 30. Rb2 Rxb2+ 31. Qxb2 Rc7 32. Rc3 Rxc3 33. Qxc3 Qc7 34. Qxc7+ Kxc7 35. f4 Ne7 36. Kb3 Nf5 37. g4 Ne3 38. g5 hxg5 39. g3 gxf4 40. gxf4 Ng2 41. Nc3 a6 42. Ne2 f6 43. Kc3 fxe5 44. fxe5 a5 45. Nd4 axb4+ 46. axb4 Ne3 47. Nxe6+ Kd7 48. Nxg7 Ke7 49. Kd4 Nc2+ 50. Kxd5 Nxb4+ 51. Kc4 Nc6 52. Kb5 Nxe5 53. Kxb6 1/2-1/2

[Event "GER-chT North U12"]
[Site "Magdeburg"]
[Date "2013.09.15"]
[Round "7.1"]
[White "Buchloh, Adrian"]
[Black "Zeuner, Ole"]
[Result "0-1"]
[WhiteElo "1458"]
[BlackElo "1263"]
[PlyCount "80"]
[EventDate "2013.09.12"]
[EventType "team-swiss"]
[EventRounds "7"]
[EventCountry "GER"]
[SourceTitle "EXT 2014"]
[Source "ChessBase"]
[SourceDate "2013.11.20"]
[SourceVersion "1"]
[SourceVersionDate "2013.11.20"]
[SourceQuality "1"]
[WhiteTeam "Hagen"]
[BlackTeam "Magdeburg Schachzwerge"]
[WhiteTeamCountry "GER"]
[BlackTeamCountry "GER"]

1. d4 Nf6 2. Nc3 d5 3. Bf4 e6 4. f3 c5 5. e3 Nc6 6. Qd2 cxd4 7. exd4 Bb4 8. Nge2 Bd7 9. h4 Qa5 10. 0-0-0 Nh5 11. Bh2 0-0-0 12. Qd3 Nf6 13. Kb1 Be8 14. g4 Bd6 15. Bxd6 Rxd6 16. g5 Nh5 17. Bh3 Rd8 18. Qd2 Bd7 19. Rhg1 Ne7 20. Bg4 g6 21. Bxh5 gxh5 22. Nf4 Nf5 23. Qe1 Ng7 24. Nd3 Nf5 25. Qf1 Ne3 26. Qe2 Nxd1 27. Rxd1 Qc7 28. Ne5 Rdf8 29. f4 f6 30. gxf6 Rxf6 31. Qxh5 Rf5 32. Qg4 Qd8 33. Rg1 Rff8 34. Qf3 Qxh4 35. Nxd7 Kxd7 36. Rg7+ Kc8 37. Nd1 Qxf4 38. Qc3+ Kb8 39. Nf2 Rf7 40. Rg2 Qf3 0-1

[Event "Niedersachsen-ch U10"]
[Site "Rotenburg"]
[Date "2013.03.27"]
[Round "8"]
[White "Buchloh, Adrian"]
[Black "Schwabenland, Max"]
[Result "1-0"]
[WhiteElo "1100"]
[BlackElo "884"]
[PlyCount "67"]
[EventDate "2013.03.23"]
[EventType "swiss"]
[EventRounds "11"]
[EventCountry "GER"]
[SourceTitle "EXT 2015"]
[Source "ChessBase"]
[SourceDate "2014.11.20"]
[SourceVersion "1"]
[SourceVersionDate "2014.11.20"]
[SourceQuality "1"]

1. e4 c6 2. Nc3 d5 3. exd5 cxd5 4. d4 Bf5 5. Bb5+ Nc6 6. Nf3 e6 7. Ne5 Nge7 8. Bf4 a6 9. Ba4 b5 10. Bb3 Nxe5 11. Bxe5 Nc6 12. Bg3 Be7 13. 0-0 0-0 14. Ne2 a5 15. c3 a4 16. Bc2 Bxc2 17. Qxc2 Bg5 18. f4 Bf6 19. f5 exf5 20. Qxf5 Ne7 21. Qg4 Ng6 22. Nf4 Nxf4 23. Bxf4 Qe7 24. Rae1 Qb7 25. Bg5 Bxg5 26. Qxg5 Rfe8 27. Qf5 Rxe1 28. Rxe1 Rf8 29. Re3 Qc6 30. Rg3 Re8 31. h3 Re1+ 32. Kf2 Ra1 33. Qe5 h6 34. Qxg7# 1-0

[Event "Niedersachsen-ch U10"]
[Site "Rotenburg"]
[Date "2013.03.23"]
[Round "1"]
[White "Kobrin, Daniel"]
[Black "Buchloh, Adrian"]
[Result "0-1"]
[WhiteElo "744"]
[BlackElo "1100"]
[PlyCount "66"]
[EventDate "2013.03.23"]
[EventType "swiss"]
[EventRounds "11"]
[EventCountry "GER"]
[SourceTitle "EXT 2015"]
[Source "ChessBase"]
[SourceDate "2014.11.20"]
[SourceVersion "1"]
[SourceVersionDate "2014.11.20"]
[SourceQuality "1"]

1. e4 e5 2. Nf3 Nc6 3. Nc3 Bc5 4. Nxe5 Nxe5 5. d4 Bxd4 6. Qxd4 f6 7. Bf4 Ng6 8. Bd3 Nxf4 9. 0-0 Nxd3 10. cxd3 d6 11. f4 Bd7 12. e5 dxe5 13. fxe5 a6 14. Rae1 Kf7 15. g4 h6 16. Ne4 Bxg4 17. Rf4 Qxd4+ 18. Rf2 Bf3 19. Nd2 Bc6 20. Nf3 Bxf3 21. Kf1 Qxd3+ 22. Ree2 Bxe2+ 23. Rxe2 Ne7 24. Ke1 Nf5 25. Rd2 Qxd2+ 26. Kxd2 Rad8+ 27. Ke2 Rhe8 28. Kf3 Nh4+ 29. Kg3 Rxe5 30. Kxh4 Rd4+ 31. Kg3 Re3+ 32. Kg2 Rd2+ 33. Kg1 Re1# 0-1